MARC

Tag First Indicator Second Indicator Subfields
LEADER 00000cas a2200000 a 4500
001 in00000076959
005 20151008055011.0
008 741031d19911999dcuhr r 0 a0eng d
010 |a sn 91025946  
029 1 |a AU@  |b 000020667552 
035 |a (OCoLC)23728560 
035 |9 AAJ2284AM 
040 |a HUL  |c HUL  |d COO  |d HUL  |d WAU  |d HUL  |d NST  |d EYM  |d IUL  |d SYS  |d HUL  |d WAU  |d OCLCQ  |d LVB  |d UtOrBLW 
042 |a lcd 
043 |a n-us--- 
049 |a TXAM 
050 1 4 |a JA28  |b .A562 
110 2 |a American Political Science Association. 
245 1 0 |a Directory of members /  |c American Political Science Association. 
246 1 4 |a Directory of membership 
264 1 |a Washington, DC :  |b The Association,  |c ©1991-©1997. 
300 |a 3 volumes ;  |c 28 cm. 
310 |a Triennial 
336 |a text  |b txt  |2 rdacontent 
337 |a unmediated  |b n  |2 rdamedia 
338 |a volume  |b nc  |2 rdacarrier 
362 0 |a 1991/93-1997/99. 
536 |a Dr. Paul P. Van Riper collection, Department of Political Science. 
580 |a Issued also in an expanded decennial version. 
580 |a Continued by a continously updated online electronic database available to members only called: Directory of members online. 
610 2 0 |a American Political Science Association  |v Directories. 
650 0 |a Political scientists  |z United States  |v Directories. 
610 2 6 |a American Political Science Association  |v Répertoires. 
780 0 0 |a American Political Science Association.  |t American Political Science Association membership directory  |w (DLC)sc 81002018  |w (OCoLC)7076799 
785 1 0 |t Directory of members online 
787 1 |a American Political Science Association.  |t Biographical directory  |w (DLC) 84004082  |w (OCoLC)10523112 
850 |a CSt  |a CU-I  |a ICarbS  |a InU  |a MH  |a MH-CI  |a MH-KG  |a MdBJ  |a MiU  |a NIC  |a NjP  |a OCU  |a WaU 
891 0 0 |9 853  |8 1  |a (year) 
891 4 1 |9 863  |8 1  |a <1991/1993>  |x provisional 
994 |a C0  |b TXA 
949 |a updated  |b h  |c 2009/1/8  |e coplinger  |f 2:18:06 pm 
999 |a MARS 
999 f f |s 6a0d39c0-248d-35b9-b3a0-62e5d1574bdd  |i 73b0bf8b-bb1e-3feb-9a84-1d52462b2028  |t 0 
952 f f |a Texas A&M University  |b College Station  |c Sterling C. Evans Library  |d Evans: Library Stacks  |t 0  |e JA28 .A562  |h Library of Congress classification 
952 f f |a Texas A&M University  |b College Station  |c Sterling C. Evans Library  |d Evans: Library Stacks  |t 0  |e JA28 .A562  |h Library of Congress classification 
998 f f |a JA28 .A562  |s 1991/1993-1997/1999  |t 0  |l Evans: Library Stacks 
998 f f |a JA28 .A562  |s 1997/1998  |t 0  |l Evans: Library Stacks